00697nam a2200181Ia 4500008004100000020001800041050002500059100002600084245013100110260003200241300001800273500009600291650002800387650002500415650001400440650002700454700003400481120626s9999 xx 000 0 und d a84-415-0970-004aQA76.76 H94 O75 19991 aORIHUELA, José Luis10aIntroducción al diseño digital: concepción y desarrollo de proyectos de comunicación interactivacJosé Luis Orihuela aEspaña bAnaya Multimedia a256 páginas aContiene: Dedicatoria Índice de contenido general Bibliografía Índice analítico17aSISTEMAS DE HIPERTEXTO 17aSISTEMAS MULTIMEDIA 17a INTERNET17aPÁGINAS WEB-DISEÑO1 aSANTOS, María Luisa, coaut.